Implementation of the Agreement on Agriculture: Issues and Options / (Record no. 36993)

MARC details
000 -LEADER
fixed length control field 00455nam a2200121Ia 4500
008 - FIXED-LENGTH DATA ELEMENTS--GENERAL INFORMATION
fixed length control field 220512s9999 xx 000 0 eng d
100 ## - MAIN ENTRY--PERSONAL NAME
Personal name Dhar, Biswajit
245 #0 - TITLE STATEMENT
Title Implementation of the Agreement on Agriculture: Issues and Options /
Statement of responsibility, etc. Dhar, Biswajit and Dey Sudeshna
260 ## - PUBLICATION, DISTRIBUTION, ETC.
Place of publication, distribution, etc. New Delhi :
Name of publisher, distributor, etc. Research and Information System for the Non-Aligned and Other Developing Countries (RIS),
Date of publication, distribution, etc. 2001
546 ## - LANGUAGE NOTE
Language note English
700 ## - ADDED ENTRY--PERSONAL NAME
Personal name Dey Sudeshna
942 ## - ADDED ENTRY ELEMENTS (KOHA)
Koha item type Research Papers
Holdings
Withdrawn status Lost status Damaged status Not for loan Collection code Home library Current library Date acquired Total Checkouts Barcode Date last seen Price effective from Koha item type
        Working Papers NASSDOC Library NASSDOC Library 12/05/2022   P1248 12/05/2022 12/05/2022 Research Papers